书目信息 |
| 题名: |
环境·材料·构造
|
|
| 作者: | 赵建国 , 程静波 , 蒲爱华 编著 | |
| 分册: | ||
| 出版信息: | 重庆 重庆大学出版社 2005.09 |
|
| 页数: | 99页 | |
| 开本: | 30cm | |
| 丛书名: | 高等院校艺术设计专业丛书 | |
| 单 册: | ||
| 中图分类: | TU-856 | |
| 科图分类: | ||
| 主题词: | 建筑艺术--jian zhu yi shu--关系--环境--布置 | |
| 电子资源: | ||
| ISBN: | 7-5624-3230-9 | |
| 000 | 01049nam 2200277 450 | |
| 001 | 012007908043 | |
| 005 | 20071109162222.76 | |
| 010 | @a7-5624-3230-9@dCNY38.00 | |
| 100 | @a20071109d2005 km y0chiy0120 ea | |
| 101 | 0 | @achi |
| 102 | @aCN@b500000 | |
| 105 | @aa z 000yy | |
| 106 | @ar | |
| 200 | 1 | @a环境·材料·构造@Ahuan jing·cai liao·gou zao@f赵建国, 程静波, 蒲爱华编著@Fzhao jian guo,cheng jing bo,pu ai hua bian zhu |
| 210 | @a重庆@c重庆大学出版社@d2005.09 | |
| 215 | @a99页@c图@d30cm | |
| 225 | 2 | @a高等院校艺术设计专业丛书@Agao deng yuan xiao yi shu she ji zhuan ye cong shu |
| 330 | @a本书结合环境艺术设计的具体要求,系统论述了环境、材料、构造三者的基本情况,特别是在环境艺术设计中的具体运用和相互关系。 | |
| 410 | 0 | @12001 @a高等院校艺术设计专业丛书 |
| 606 | 0 | @a建筑艺术@Ajian zhu yi shu@x关系@x环境@x布置 |
| 690 | @aTU-856@v4 | |
| 701 | 0 | @a赵建国@Azhao jian guo@4编著 |
| 701 | 0 | @a程静波@Acheng jing bo@4编著 |
| 701 | 0 | @a蒲爱华@Apu ai hua@4编著 |
| 801 | 0 | @aCN@b@c20071109 |
| 905 | @b267524-26@dTU-856@eZ301@f3 | |
| 环境·材料·构造/赵建国, 程静波, 蒲爱华编著.-重庆:重庆大学出版社,2005.09 |
| 99页:图;30cm.-(高等院校艺术设计专业丛书) |
| ISBN 7-5624-3230-9:CNY38.00 |
| 本书结合环境艺术设计的具体要求,系统论述了环境、材料、构造三者的基本情况,特别是在环境艺术设计中的具体运用和相互关系。 |
| ● |
| 相关链接 |
|
|
|
正题名:环境·材料·构造
索取号:TU-856/Z301
 
预约/预借
| 序号 | 登录号 | 条形码 | 馆藏地/架位号 | 状态 | 备注 |
| 1 | 267524 | 202675248 | 建筑库101/101建筑库 19排2列3层/ [索取号:TU-856/Z301] | 在馆 | |
| 2 | 267525 | 202675257 | 建筑库101/101建筑库 19排2列3层/ [索取号:TU-856/Z301] | 在馆 | |
| 3 | 267526 | 202675266 | 建筑库101/101建筑库 19排2列3层/ [索取号:TU-856/Z301] | 在馆 |